Central Library OPAC University of Rajshahi

Who rules America now? : (Record no. 2312)

MARC details
000 -LEADER
fixed length control field 00943pam a2200301 a 4500
001 - CONTROL NUMBER
control field 2312
003 - CONTROL NUMBER IDENTIFIER
rucl marc code BD-RjUL
005 - DATE AND TIME OF LATEST TRANSACTION
control field 20211208233525.0
008 - FIXED-LENGTH DATA ELEMENTS--GENERAL INFORMATION
fixed length control field 131211s1983 nju b 001 0 eng
020 ## - INTERNATIONAL STANDARD BOOK NUMBER
International Standard Book Number 0139584056 (pbk.)
International Standard Book Number 0139584137 (hard)
035 ## - SYSTEM CONTROL NUMBER
System control number (BD-RjUL)2339
040 ## - CATALOGING SOURCE
Original cataloging agency DLC
Transcribing agency DLC
Modifying agency DLC
-- BD-RjUL
Language of cataloging eng
041 ## - LANGUAGE CODE
Language code of text/sound track or separate title eng
082 00 - DEWEY DECIMAL CLASSIFICATION NUMBER
Classification number 305.520973
Edition number 19
Author mark and year DOW 1983
100 1# - MAIN ENTRY--PERSONAL NAME
Personal name Domhoff, G. William.
9 (RLIN) 5145
245 10 - TITLE STATEMENT
Title Who rules America now? :
Remainder of title a view for the '80s /
Statement of responsibility, etc. G. William Domhoff.
260 ## - PUBLICATION, DISTRIBUTION, ETC. (IMPRINT)
Place of publication, distribution, etc. Englewood Cliffs, N.J. :
Name of publisher, distributor, etc. Prentice-Hall,
Date of publication, distribution, etc. c1983.
300 ## - PHYSICAL DESCRIPTION
Pagination xi, 230 p. ;
Size 23 cm.
500 ## - GENERAL NOTE
General note Continues: Who rules America?
General note "A Spectrum book."
504 ## - BIBLIOGRAPHY, ETC. NOTE
Bibliography, etc Includes bibliographical references and index.
650 #0 - SUBJECT ADDED ENTRY--TOPICAL TERM
Topical term or geographic name as entry element Elite (Social sciences)
Geographic subdivision United States.
9 (RLIN) 5143
Topical term or geographic name as entry element Power (Social sciences)
9 (RLIN) 5142
942 ## - ADDED ENTRY ELEMENTS (KOHA)
Source of classification or shelving scheme Dewey Decimal Classification
Koha item type Books
Holdings
Lost status Source of classification or shelving scheme Damaged status Not for loan Collection code Permanent Location Current Location Shelving location Date acquired Source of acquisition Cost, normal purchase price Total Checkouts Full call number Date last seen Copy number Koha item type
  Dewey Decimal Classification   Not For Loan Non-fiction Central Library, University of Rajshahi Central Library, University of Rajshahi Reading Room 08/07/1991 Asia Foundation 0.00   305.520973 DOW 1983 11/12/2013 C-1 Books
  Dewey Decimal Classification     Non-fiction Central Library, University of Rajshahi Central Library, University of Rajshahi   12/06/1985 Anil helfer     305.520973 DOW 1983 10/12/2016 C-2 Books